Aves Marinas de España - Estadísticas

Estadísticas generales
  • Esta prueba ha sido intentada 61 veces
  • La puntuación promedio es 31 de 64
Estadísticas de respuestas
Imagen Respuesta % Correcto
Gaviota Cabecinegra
98%
Gaviota Cana
98%
Gaviota de Audouin
98%
Gaviota de Delaware
98%
Gaviota del Caspio
98%
Gaviota de Sabine
98%
Gaviota Enana
98%
Gaviota Groenlandesa
98%
Gaviota Picofina
98%
Gaviota Sombria
98%
Gaviota Tridáctila
98%
Frailecillo Atlántico
85%
Cormorán Grande
75%
Cormorán Moñudo
75%
Águila Pescadora
67%
Alca Común
60%
Alcatraz Atlántico
54%
Gaviota Patiamarilla
48%
Correlimos Común
46%
Correlimos Menudo
46%
Correlimos Oscuro
46%
Correlimos Pectoral
46%
Correlimos Tridáctilo
46%
Correlimos Zarapitín
46%
Charrán Ártico
44%
Charrán Bengalí
44%
Charrán Común
44%
Charrán Patinegro
44%
Gavión Atlántico
42%
Gavión Hiperbóreo
42%
Gaviota Reidora
42%
Zarapito Real
42%
Zarapito Trinador
42%
Chorlitejo Grande
40%
Chorlitejo Patinegro
40%
Pardela Balear
38%
Pardela Capirotada
38%
Pardela Cenicienta Atlántica
38%
Pardela Cenicienta Mediterránea
38%
Pardela Chica Macaronésica
38%
Pardela Mediterránea
38%
Pardela Pichoneta
38%
Pardela Sombría
38%
Ostrero Euroasiático
37%
Éider Común
35%
Paíño Boreal
33%
Paíño de Madeira
33%
Paíño de wilson
33%
Paíño Europeo
33%
Paíño Pechialbo
33%
Vuelvepiedras Común
31%
Arao Común
29%
Aguja Colipinta
25%
Págalo Grande
25%
Págalo Parásito
25%
Págalo Pomarino
25%
Gaviota Argéntea Europea
23%
Pagaza Piquiroja
23%
Petrel de Bulwer
23%
Colimbo Ártico
21%
Colimbo Chico
21%
Colimbo Grande
21%
Rabijunco Etéreo
15%
Flumar Boreal
2%
No se encontraron pruebas coincidentes
Distribución de puntuación
Porcentaje de gente con cada puntuación
Porcentaje por número respondido
Historial de tus puntuaciones
No has intentado esta prueba.